မြန့်မာယဉ်ကျေးမှု / (Record no. 27166)

000 -LEADER
fixed length control field 00934nam a22001817a 4500
005 - DATE AND TIME OF LATEST TRANSACTION
control field 20260124094001.0
008 - FIXED-LENGTH DATA ELEMENTS--GENERAL INFORMATION
fixed length control field 230713b ||||| |||| 00| 0 eng d
040 ## - CATALOGING SOURCE
Transcribing agency SSBUL
Modifying agency SSBUL
082 ## - DEWEY DECIMAL CLASSIFICATION NUMBER
Edition number 23
Classification number ၃၉၀.၀၉၅၉၁ ထူး ၁၅၉၉၆ (S-SAT)
100 ## - MAIN ENTRY--PERSONAL NAME
Personal name ထူးယဉ်။
9 (RLIN) 27928
245 ## - TITLE STATEMENT
Title မြန့်မာယဉ်ကျေးမှု /
Statement of responsibility, etc. ထူးယဉ်။
260 ## - PUBLICATION, DISTRIBUTION, ETC.
Place of publication, distribution, etc. ရန်ကုန်၊
Name of publisher, distributor, etc. ပညာကြေးမုံစာပေ၊
Date of publication, distribution, etc. ၁၉၇၃။
300 ## - PHYSICAL DESCRIPTION
Extent ၁၇၀ စာမျက်နှာ၊
Other physical details ရုပ်ပုံများ၊
Dimensions ၂၂ စင်တီ။
500 ## - GENERAL NOTE
General note S-SAT: Dr. Prof Sai Aung Tun
650 ## - SUBJECT ADDED ENTRY--TOPICAL TERM
Topical term or geographic name entry element ယဉ်ကျေးမှုနှင့် ဓလေ့ထုံးစံများ။
9 (RLIN) 27929
Topical term or geographic name entry element မြန်မာနိုင်ငံ
General subdivision လူမှုရေးနှင့် ဓလေ့ထုံးစံ။
9 (RLIN) 27930
942 ## - ADDED ENTRY ELEMENTS (KOHA)
Source of classification or shelving scheme
Koha item type Book (Short term)
Holdings
Withdrawn status Lost status Source of classification or shelving scheme Damaged status Not for loan Collection code Permanent Location Current Location Shelving location Date acquired Total Checkouts Full call number Barcode Date last seen Price effective from Koha item type Accession
          Special Collections Shan State Buddhist University Library Shan State Buddhist University Library Special Collection Shelves 13/07/2023   ၃၉၀.၀၉၅၉၁ ထူး ၁၅၉၉၆ (S-SAT) MB00015996 13/07/2023 13/07/2023 Book (Short term) ၁၅၉၉၆ (S-SAT)

Library - 09407999929
Admin Office - 09407999979
Dean Office - 09250910768
Registrar Office - 09892297154
Email - [email protected]
Shan State Buddhist University, Phaya Phyu Taunggyi, Shan State, Myanmar.